000 00564nam a2200181Ia 4500
001 17127
005 20260306170402.0
008 260306t2015||||xx |||||||||||||| ||und||
041 _aESP
082 _a657.46
_bB45A
100 _aBernal Rojas, Josue Alfredo
_eAUT
245 0 _aOrigen y reversión de las diferencias temporarias y permanentes:
_bincidencia de la reducción de la tasa del impuesto a la renta - Aplicación del la NIC 12
260 _c2015
300 _a698 páginas :
_c24 cm.
650 _aGEN
654 _aCCO
942 _cLIB
_dJUS
_fJUS
_2ddc
_n
999 _c17127
_d17127